Creatividad y lenguaje: talleres literarios para niños
Saved in:
| Main Authors: | , |
|---|---|
| 格式: | 圖書 |
| 語言: | 西班牙语 |
| 出版: |
Santiago
Andrés Bello
1995
|
| 版: | 2a. ed |
| 主題: | |
| 標簽: |
添加標簽
沒有標簽, 成為第一個標記此記錄!
|
MARC
| LEADER | 00000nam a2200000 a 4500 | ||
|---|---|---|---|
| 001 | UCM8249 | ||
| 003 | CL-VaPUC | ||
| 008 | 030228e19950000CL |||||||||||||||||spa|d | ||
| 020 | |a 9561311976 | ||
| 082 | 0 | 4 | |a 372.6 |b BEU |2 21 |
| 100 | 0 | |a Beuchat Reichardt, Cecilia |e author |9 474249 | |
| 700 | 0 | |a Lira, Teresita |e author |9 474250 | |
| 245 | 1 | 0 | |a Creatividad y lenguaje: talleres literarios para niños |
| 250 | |a 2a. ed | ||
| 300 | |a 155 p | ||
| 942 | |c BK | ||
| 945 | |d 20030228 00:00:00 |a cmena | ||
| 260 | |a Santiago |b Andrés Bello |c 1995 | ||
| 650 | 0 | |a Literatura infantil |9 307465 | |
| 650 | 0 | |a Creatividad |9 310816 | |
| 650 | 7 | |a TALLERES LITERARIOS |2 CL-VaPUC |9 474251 | |
| 650 | 0 | |a Educación básica |9 224933 | |
| 583 | |a last modification |c 20030228 00:00:00 |k Rodrigo Vera | ||
| 999 | |c 302825 |d 302823 | ||
| 952 | |0 0 |1 0 |4 0 |6 372_600000000000000_BEU_1995 |7 0 |8 A |9 363606 |a BIBEDU |b BIBEDU |c ES_NOD |d 2019-11-21 |i 3880249 |o 372.6 BEU 1995 |p 3880249 |r 2023-08-09 |w 2019-11-21 |y BK |k BME | ||